header

The question of morale (Record no. 190414)

MARC details
000 -LEADER
fixed length control field 01251nam a2200325 a 4500
100 1# - MAIN ENTRY--AUTHOR NAME
Personal name Watson, David.
245 14 - TITLE STATEMENT
Title The question of morale
260 ## - PUBLICATION, DISTRIBUTION, ETC. (IMPRINT)
Place of publication Maidenhead, England :
Name of publisher Open University Press,
Year of publication 2009.
300 ## - PHYSICAL DESCRIPTION
Number of Pages xv, 165 p. :
Other physical details ill.
650 #0 - SUBJECT ADDED ENTRY--TOPICAL TERM
Topical Term College students.
Topical Term Morale.
856 40 - ELECTRONIC LOCATION AND ACCESS
Uniform Resource Identifier http://site.ebrary.com/lib/rucke/Doc?id=10394831

No items available.

© 2026 Rongo University
Contact us: librarian | system librarian | Rongo university